000 00337nam a2200145 a 4500
008 970530s1954||||xx 0 und c
040 _aSNK
_bslo
_cSNK
_eAACR2
100 1 _aHoza, Štefan
245 1 0 _aOpera na Slovensku 2
260 _aMartin
_bOsveta
_c1954
300 _a431 s.
044 _axo
_cSK
041 _aslo
020 _c41,10
999 _c15100
_d15100